Polscy aktorzy filmowi ze Śląska i Zagłębia - Statystyki

Ogólne statystyki
  • Ten quiz został rozwiązany 61 razy
  • Średni wynik to 6 z 20
Statystyki odpowiedzi
Filmy / seriale: Pochodzenie: Aktor: % Poprawnych
Jancio Wodnik / Ranczo / Sprawa się rypła Gdów Franciszek Pieczka
83%
Kler / Konwój / Żółty szalik Dąbrowa Górnicza Janusz Gajos
60%
Lekarze / Na układy nie ma rady / Ojciec Mateusz Kalety Piotr Polk
46%
Dom zły / Moje córki krowy / Show Gołkowice Marian Dziędziel
38%
Klub włóczykijów / Ranczo / Święta Wojna Chorzów Bogdan Kalus
35%
Karbala / Król / Volta Zabrze Michał Żurawski
29%
Eroica / Wojna Domowa / Zezowate szczęście Katowice Bogumił Kobiela
27%
Demony wojny według Goi / Ekstradycja 2 / Świat według Kiepskich Ruda Śląska Dariusz Gnatowski
27%
Misja Afganistan / Ojciec Mateusz / Zabić bobra Tarnowskie Góry Eryk Lubos
27%
Grzeszny żywot Franciszka Buły / Janosik / Sól ziemi czarnej Jastrzębie Zdrój Jerzy Cnota
27%
BrzydUla (1 i 2) / Kamerdyner / Pod powierzchnią Sosnowiec Łukasz Simlat
27%
Czas honoru / Karbala / Osiecka Bytom Piotr Żurawski
27%
Anioł w Krakowie / Jack Strong / Kamienie na szaniec Siemianowice Śląskie Krzysztof Globisz
23%
Czas honoru / Na Wspólnej / Rewers Czeladź Łukasz Konopka
19%
Diagnoza / Ślepnąc od świateł / Wojenne dziewczyny Sosnowiec Michał Czernecki
19%
Generał Nil / Magnat / Perła w koronie Chorzów Olgierd Łukaszewicz
19%
Dzień świra / Ekstradycja 3 / Zabij mnie, glino Pszczyna Piotr Machalica
17%
Jack Strong / Karbala / Komisja morderstw Zabrze Zbigniew Stryj
17%
Ultraviolet / Wataha / Zaćma Bytom Marek Kalita
2%
Kryminalni: Misja Śląska / Twarz / Znaki Katowice Robert Talarczyk
2%
Nie znaleziono quizów pasujących do podanych kryteriów
Rozkład punktacji
Procent ludzi z każdym wynikiem
Percentyl według liczby udzielonych odpowiedzi
Twoja historia wyników
Nie rozwiązałeś tego quizu